Po tajných horských prémiách Už v sobotu Košice-Tatry-Košice.

Bibliographic Details
Format: Article
Language:Slovak
Subjects:

MARC

LEADER 00000nab a2200000 a 4500
001 vtls000914609
003 SK-MaSNL
005 20260302174037.0
008 040720e19910521xo 0 slo
035 |a KE23499 
040 |a KEVKJB  |b slo  |c KEVKJB  |e AACR2 
041 0 |a slo 
044 |a xo  |c SK 
080 |a 796.61  |2 1981 
245 0 0 |a Po tajných horských prémiách  |b Už v sobotu Košice-Tatry-Košice. 
611 1 7 |a Košice-Tatry-Košice  |g cyklistické preteky  |d (  |c Vysoké Tatry, Slovensko)  |2 KEVKJB  |9 168636 
650 0 7 |a cyklistika  |2 KEVKJB  |9 3263 
650 0 7 |a cyklistické preteky  |2 KEVKJB  |9 69581 
650 0 7 |a práce prípravné  |2 KEVKJB  |9 878965 
650 0 7 |a informácie  |2 KEVKJB  |9 1285 
651 7 |a KE,  |2 KEVKJB  |9 877256 
655 7 |a periodikum  |2 snkbucl  |9 29553 
773 0 8 |t Slovenský denník  |g Roč. 2  |g Roč. 28, č.117, 21.5.1991, s. 7 
852 |a ZVYKNI  |b KIS3GCP 
999 |c 1402925  |d 1404855